[Event "ITA-ch blind 46th"]
[Site "Grisolia Lido"]
[Date "2018.09.07"]
[Round "5.3"]
[White "Raffi, Francesco"]
[Black "Scata, Laura"]
[Result "1-0"]
[WhiteElo "1440"]
[BlackElo "1503"]
[PlyCount "71"]
[EventDate "2018.09.03"]
[EventType "swiss"]
[EventRounds "6"]
[EventCountry "ITA"]
[SourceTitle "EXT 2024"]
[Source "ChessBase"]
[SourceDate "2023.10.10"]
[SourceVersion "1"]
[SourceVersionDate "2023.10.10"]
[SourceQuality "1"]

1. e4 c6 2. d4 d5 3. e5 Bf5 4. Nc3 Nd7 5. Nf3 e6 6. Bd3 Bxd3 7. Qxd3 Ne7 8. Bg5 Qb6 9. Rb1 c5 10. 0-0 Nf5 11. Ne2 cxd4 12. Nexd4 Nxd4 13. Nxd4 Nxe5 14. Qd2 Nc4 15. Qd3 Nxb2 16. Qc3 Bc5 17. Be3 0-0 18. Rxb2 Qc7 19. Nb5 Qc6 20. Qxc5 a6 21. Qxc6 bxc6 22. Nc3 e5 23. Bc5 Rfd8 24. Rb6 d4 25. Ne4 f5 26. Nd6 e4 27. Nxf5 d3 28. cxd3 exd3 29. Rd1 g6 30. Ne7+ Kf7 31. Nxc6 Rd5 32. Bd4 Rc8 33. Rxd3 Rb5 34. Rxb5 axb5 35. Rc3 b4 36. Ne5+ 1-0

[Event "ITA-ch blind 46th"]
[Site "Grisolia Lido"]
[Date "2018.09.03"]
[Round "1.4"]
[White "Battaglia, Gabriele"]
[Black "Scata, Laura"]
[Result "0-1"]
[WhiteElo "1416"]
[BlackElo "1503"]
[PlyCount "40"]
[EventDate "2018.09.03"]
[EventType "swiss"]
[EventRounds "6"]
[EventCountry "ITA"]
[SourceTitle "EXT 2024"]
[Source "ChessBase"]
[SourceDate "2023.10.10"]
[SourceVersion "1"]
[SourceVersionDate "2023.10.10"]
[SourceQuality "1"]

1. Nf3 d5 2. g3 Nc6 3. Bg2 e5 4. d3 Bf5 5. Nbd2 Be7 6. 0-0 Qd7 7. c4 d4 8. a3 Bh3 9. Ne1 Bxg2 10. Nxg2 h5 11. h4 Nh6 12. b4 g5 13. b5 Nd8 14. Nf3 gxh4 15. Nxe5 Qf5 16. Nf3 Ne6 17. Nfxh4 Qh3 18. e3 Ng4 19. Nf3 Ng5 20. Nf4 Nxf3+ 0-1